000 00709cab a2200229 4500
001 ABS49201
008 090401t1993 xxu||||| |||| 00| 0 eng d
035 _a(Sirsi) u70328
041 _aeng
100 _aRaw, G. J.
245 _aSick building syndrome, productivity and control
260 _c1993
350 _a0
490 _aProperty Journal
_v18(4) August 1993, 17-19(3)
520 _aDemonstrates how staff productivity can be reduced by sick building syndrome and by limiting control over the office environment.
650 _aSICK BUILDING SYNDROME
690 _aOFFICE SERVICES AND ADMINISTRATION
700 _aRoys, M. S.
700 _aLeaman, A.
942 _n0
948 _c04/03/1997
999 _c44218
_d44218